Biblioteca y Centro de Documentación

Pyrrhic victory? The unintended consequence of the pensions act 2004 (Registro nro. 37275)

Detalles MARC
000 -CABECERA
Longitud fija campo de control 00913naa a2200265 c 4500
001 - NÚMERO DE CONTROL
Número de control 37275
003 - IDENTIFICADOR DE NÚMERO DE CONTROL
Identificador del número de control ES-MaCES
005 - FECHA Y HORA DE LA ÚLTIMA TRANSACCIÓN
Fecha y hora de la última transacción 20130603132000.0
008 - CAMPO FIJO DE DESCRIPCIÓN FIJA--INFORMACIÓN GENERAL
Códigos de información de longitud fija   060928n2006 xxk t ||0 | eng d
035 ## - NÚMERO DE CONTROL DEL SISTEMA
Número de control del sistema CES20060015499v
040 ## - FUENTE DE CATALOGACIÓN
Centro catalogador de origen ES-MaCES
Lengua de catalogación spa
Centro transcriptor ES-MaCES
245 00 - MENCIÓN DE TÍTULO
Título Pyrrhic victory? The unintended consequence of the pensions act 2004
Mención de responsabilidad, etc. Alistair Byrne... [et al.]
500 ## - NOTA GENERAL
Nota general Resumen
650 #4 - ASIENTO SECUNDARIO DE MATERIA--TÉRMINO DE MATERIA
Término de materia o nombre geográfico como elemento inicial conflicto de intereses
9 (RLIN) 29803
650 #4 - ASIENTO SECUNDARIO DE MATERIA--TÉRMINO DE MATERIA
Término de materia o nombre geográfico como elemento inicial responsabilidad del empleador
9 (RLIN) 30146
650 #4 - ASIENTO SECUNDARIO DE MATERIA--TÉRMINO DE MATERIA
Término de materia o nombre geográfico como elemento inicial empleo
9 (RLIN) 28299
650 #4 - ASIENTO SECUNDARIO DE MATERIA--TÉRMINO DE MATERIA
Término de materia o nombre geográfico como elemento inicial situación ocupacional
9 (RLIN) 29792
650 #4 - ASIENTO SECUNDARIO DE MATERIA--TÉRMINO DE MATERIA
Término de materia o nombre geográfico como elemento inicial régimen de pensión
9 (RLIN) 27042
653 10 - TÉRMINO DE INDEXACIÓN--NO CONTROLADO
Término no controlado Seguridad Social
700 1# - ENCABEZAMIENTO SECUNDARIO--NOMBRE PERSONAL
Nombre de persona Byrne, Alistair
9 (RLIN) 8562
773 0# - ENTRADA DE DOCUMENTO FUENTE
Título Economic affairs
Parte(s) relacionada(s) vol. 26, no. 2 (june 2006){10647 R. 064887}; p. 9-16
Número de control del registro relacionado (ES-MaCES)25652
Itemnumber del ítem fuente 67335
902 ## - CES. TIPO DE DOCUMENTO
Tipodoc (006$c Sirtex) ART Artículo de revista
942 ## - ELEMENTOS KOHA
Fuente de clasificaión o esquema Clasificación propia del CES
Koha [por defecto] tipo de item Artículos (1982-2017)
Parte de clasificación 3.0.

No hay ítems disponibles.

© CES, Consejo Económico y Social de España 2021